000
00315nam a22001337a 4500
020
_a
81-7176-494-0
082
_a
158
_b
BHA/D
100
_a
BHATIA, TAMANNA
245
_a
DREAM ON YOU CAN ACHIEVE
260
_a
MUMBAI
_b
PAULINE PUBLICATIONS
300
_a
104
650
_a
PERSONALITY DEVELOPMENT
_z
MUMBAI
942
_c
BK
999
_c
5181
_d
5181